Niektoré problémy účinnosti mikrovlnných elektronických prvkov : Dok.diz.práca : V.odb. 26-10-9 : Obh. 08.06.1979 /

Guardado en:
Detalles Bibliográficos
Autor principal: Hábovčík, Peter (Autor)
Formato: Manuscrito Libro
Publicado: Bratislava : SVŠT v Bratislave EF, 1978
Materias:
Etiquetas: Agregar Etiqueta
Sin Etiquetas, Sea el primero en etiquetar este registro!

MARC

LEADER 00000ntm a22000003a 4500
001 stu5440
005 20150617225811.8
008 ------s1978----------------------------d
040 |a STU  |b slo 
041 0
100 1 |a Hábovčík, Peter  |4 aut  |u E210  |U FEI Fakulta elektrotechniky a informatiky  |T FEI Katedra mikroelektroniky  |U E210  |Y 68 
245 1 |a Niektoré problémy účinnosti mikrovlnných elektronických prvkov :  |b Dok.diz.práca : V.odb. 26-10-9 : Obh. 08.06.1979 /  |c Doc.Ing.,CSc. Hábovčík,Peter 
260 |a Bratislava :  |b SVŠT v Bratislave EF,  |c 1978 
300 |a 217 s 
650 7 |a elektronika a vákuová technika  |2 stusub 
996 |b 284ED00312  |c E*DDIZ-232  |l EE01  |s A  |a 24  |w stu5440_0001